Quản lý chất lượng
Giới thiệu những vấn đề cơ bản nhất của quản lý chất lượng trong các tổ chức như: Dẫn nhập; Tổng quan về chất lượng; Quản lý chất lượng; Quản lý chất lượng dịch vụ; Quản lý chất lượng toàn diện - TQM; Đánh giá chất lượng; Các...
Na minha lista:
| Autor principal: | |
|---|---|
| Outros Autores: | |
| Formato: | Livro |
| Idioma: | Undetermined |
| Publicado em: |
Tp. Hồ Chí Minh
Thống kê
2010
|
| Assuntos: | |
| Acesso em linha: | http://lrc.tdmu.edu.vn/opac/search/detail.asp?aID=2&ID=20480 |
| Tags: |
Adicionar Tag
Sem tags, seja o primeiro a adicionar uma tag!
|
| Thư viện lưu trữ: | Trung tâm Học liệu Trường Đại học Thủ Dầu Một |
|---|
| LEADER | 01071nam a2200205Ia 4500 | ||
|---|---|---|---|
| 001 | TDMU_20480 | ||
| 008 | 210410s9999 xx 000 0 und d | ||
| 082 | |a 658.4013 | ||
| 090 | |b T100 | ||
| 100 | |a Tạ, Thị Kiều An | ||
| 245 | 0 | |a Quản lý chất lượng | |
| 260 | |a Tp. Hồ Chí Minh | ||
| 260 | |b Thống kê | ||
| 260 | |c 2010 | ||
| 300 | |a 441tr. | ||
| 520 | |a Giới thiệu những vấn đề cơ bản nhất của quản lý chất lượng trong các tổ chức như: Dẫn nhập; Tổng quan về chất lượng; Quản lý chất lượng; Quản lý chất lượng dịch vụ; Quản lý chất lượng toàn diện - TQM; Đánh giá chất lượng; Các kỹ thuật và công cụ quản lý chất lượng...; KT051 | ||
| 650 | |a Quản lý chất lượng | ||
| 700 | |a Ngô, Thị Ánh | ||
| 856 | |u http://lrc.tdmu.edu.vn/opac/search/detail.asp?aID=2&ID=20480 | ||
| 980 | |a Trung tâm Học liệu Trường Đại học Thủ Dầu Một | ||